000 00653nam a2200253Ia 4500
001 27934
005 20240114001024.0
007 ta
008 170508s1970 ii g b000 u 465 u
040 _aCotton College,Assam
041 _a465
082 _a310
_bC 273 St
100 _aCass, Tom .
245 0 _aStatistical Methods in Management /
_cTom Cass.
_hTextual Documents
250 _a1st ed. /
260 _aLondon :
_bCassel ,
_c1970.
300 _a229p. ;
_c22cm.
653 _aStatistics
653 _aStatistical Methods-Management
653 _aG-Statistics
942 _2ddc
_cBK
999 _c27916
_d27916